Easy General Knowledge Quiz #151 - Statistics

General Stats
  • This quiz has been taken 231 times
  • The average score is 7 of 18
Answer Stats
Hint Answer % Correct
What is 4+4 8
99%
Which river is the longest in the world Nile
97%
Who wrote Romeo and Juliet William Shakespeare
80%
Where is the Mona Lisa The Louvre
70%
What is the largest planet in our solar system Jupiter
66%
Which war ended with the Treaty of Versailles WW1
57%
How many European capitals does the Danube flow through 4
52%
Who held the home run record for decades and became one of the most famous figures in sports history Babe Ruth
47%
What math symbol, that is also a letter in the Greek alphabet and a TikTok meme, means to sum up Sigma
35%
Who starred in the movie DIrty Harry Clint Eastwood
18%
Who sang the song 'Don't Worry, Be Happy' Bobby McFerrin
11%
What is the name of the Chinese philosophical system that emphasizes harmony with nature Taoism
8%
What scientific theory proposed that Earth revolves around the sun Heliocentrism
7%
What is Joe Biden's middle name Robinette
4%
The Hudson River and Lake Erie are connected to what? The Erie canal
4%
What rapper sold the most albums in 2023 Lil Wayne
3%
How many digits are in pie 62.8 trillion decimals
1%
Who just fell for this 'real' quiz? Emily
1%
No matching quizzes found
Score Distribution
Percent of People with Each Score
Percentile by Number Answered
Your Score History
You have not taken this quiz